MDQL
is popping MORE tags! Check the
thread
!
Quizzes
Events
Quiz Creation
Community
Videos
Private Events
Remove Ads
Sign In
Join for FREE
Feedback
Dark Mode
Quiz Categories
Sports
Geography
Music
Movies
Television
Just For Fun
Miscellaneous
History
Literature
Language
Science
Gaming
Entertainment
Religion
Holiday
For Kids
Quiz Lab
Recent
Popular Today
Quiz Kudos Today
Editor Picks
Curator Picks
Quizzes by...
Day
Popularity
Type
Ratings
Length
Year
Community
Subscriptions
Recent Discussions
Orange Saloon
Badges
Playlists
Quests
Create
Leaderboards
Showdown
Live 5
Trivia Bingo
Activity
Puzzle Library
Sporcle Events
Private Events
Virtual Trivia
Globe League
Become a Host
Pub Owners
SporcleCon
Opinionation
Our Games
Videos
Blog
Mobile Apps
Partnerships
Remove Ads and Go Orange
Feedback
Sports
Athletes
MLB
NBA
NHL
NFL
Soccer
Sports Teams
WWE
NCAA
Football
Premier League
Basketball
Baseball
Hockey
Golf
Tennis
Cricket
Rugby
Auto Racing
Olympics
World Cup
Sports
Athletes
MLB
NBA
NHL
NFL
Soccer
Sports Teams
WWE
NCAA
Football
Premier League
Basketball
Baseball
Hockey
Golf
Tennis
Cricket
Rugby
Auto Racing
Olympics
World Cup
Random Quiz
Search Sporcle
×
Quiz Lab
Quiz Lab
Sports
Numbers
Type in answers that appear in a list
Type in answers that appear in a list
Classic
Best Score? Go Orange.
Top goalscorers in SPL history. Stats
Can you name the Top goalscorers in SPL history.?
By
HFC_1875
15m
105 Questions
1,171 Plays
1,171 Plays
1,171 Plays
Comments
Comments
Give Quiz Kudos
Give Quiz Kudos
-
- Ratings
hide this ad
More Info
Replay
Link that replays current quiz
Next Quiz
Link to next quiz in quiz playlist
You Got
0%
They Got
Avg Score
24%
Avg Friend Score
Upgrade to see
Score Distribution
Jump to the score distribution portion of the page
Score
0/105
Timer
15:00
0
Plays Today
Goals
Name
% Correct
164
Kris Boyd
97%
158
Henrik Larsson
93.1%
93
Scott McDonald
81%
95
Derek Riordan
80.9%
88
John Hartson
78.8%
75
Kenny Miller
78%
63
Chris Sutton
76.8%
73
Nacho Novo
75.9%
62
Colin Nish
61.1%
60
Billy Dodds
57%
59
Anthony Stokes
57%
45
Lee Miller
54.7%
63
Stevie Crawford
51.6%
31
Gary Hooper
48.8%
57
Steven Naismith
48.6%
45
Paul Hartley
46.1%
44
Barry Ferguson
43.4%
24
Scott Brown
42.9%
57
Darren Mackie
42.8%
37
Craig Brewster
41.8%
54
Garry O'Connor
40.1%
54
Craig Dargo
39.9%
56
Steve Lovell
36.5%
53
John Sutton
36.4%
31
Aiden McGeady
35.8%
36
Barry Robson
35.6%
40
Steven Thompson
35%
33
Rudi Skacel
34.3%
43
Steven Fletcher
33.6%
55
Stilian Petrov
33.5%
40
Jim Hamilton
33%
40
Michael Higdon
30.8%
39
Shaun Maloney
30.4%
31
Russell Latapy
30.2%
37
Alan Thompson
28.9%
Goals
Name
% Correct
26
James McFadden
28.8%
29
David Goodwillie
27.7%
20
Adam Rooney
27%
40
Jon Daly
26%
38
Mark Burchill
25.8%
38
Michael Mols
25.7%
23
Neil McCann
25.7%
31
Dado Prso
25%
20
Claudio Caniggia
23.2%
29
Tore Andre Flo
23%
31
Mark De Vries
22.5%
38
Jorg Albertz
22.4%
40
Rod Wallace
22.1%
37
Peter Lovenkrands
21.8%
42
Robbie Winters
21.3%
49
David Clarkson
20.9%
44
Shota Arveladze
20.8%
28
Nikica Jelavic
20.4%
32
Ronald De Boer
20.1%
28
Dennis Wyness
19.5%
23
Kevin Kyle
19.4%
28
Derek Young
18.9%
30
Mark Viduka
18.3%
34
Jan Vennegoor of Hesselink
17.8%
26
Scott Severin
17.5%
20
Steven Pressley
17.3%
34
Andy Kirk
17.1%
29
Shunsuke Nakamura
17%
45
Gary McSwegan
16.9%
27
Mixu Paatelainen
16.2%
27
Lee McCulloch
16%
29
Lubomir Moravcik
15.9%
21
Billy Mehmet
15.5%
37
Jim McIntyre
15.4%
28
Juan Sara
14.3%
Goals
Name
% Correct
30
Kyle Lafferty
14.2%
36
Barry Nicholson
14.2%
34
Richie Foran
12.4%
31
Noel Hunt
12.3%
33
Gary Wales
12.2%
26
James Grady
12.2%
21
Steven Whittaker
12.1%
25
Tam McManus
11%
20
Charlie Miller
10.9%
33
Barry Wilson
10.8%
30
Dean Shiels
10.6%
20
Eoin Jess
10.2%
24
Gavin Rae
10.2%
29
Colin Cameron
10.1%
22
Maciej Zurawski
10%
20
Francisco Sandaza
9.7%
21
Fabian Caballero
9.6%
20
Stephane Adam
8.9%
36
Giorgios Samaras
8.8%
26
Arild Stavrum
8.7%
24
Tommy Johnson
7.9%
24
Andrius Velicka
7.8%
30
Derek Lilley
7.6%
23
Chris Porter
6.7%
20
John Spencer
6.7%
21
Jamie Murphy
6.2%
24
Steven Milne
6.1%
32
Danny Invincibile
5.7%
20
Liam Craig
5.5%
20
Chris Maguire
3.8%
23
Derek Adams
3.5%
20
Willie Falconer
3%
21
Collin Samuel
2.1%
21
Kevin McKenna
2%
22
Stuart Elliott
1.8%
Quiz Playlist
Details
Report
Send in Message
Add To Playlist
More Info:
Stats correct up to 24th January 2010.
Classic:
Type in answers that appear in a list
Last Updated: Nov 16, 2018
Quiz Scoreboard
CHALLENGE
Sign Up to Join the Scoreboard
Show All
Scores
Hide
Comments
May contain spoilers
Recently Published
Holiday 10x10 Sorting Gallery
by lukepisani3
Holiday
15m
Two Season TV Shows II
by 123Four
Television
10m
Image Sorting: Flags VI
by Barbecue
Geography
2m
More to Explore
Quiz From the Vault
Featured Blog Post
14 Easter Pick-up Lines to Find Eggs With
hide this ad
You Might Also Like...
Tags
Numbers Quiz
club
goal
Goal Scorers
Player
spl
Today's Top Quizzes in Sports
Browse Sports
hide this ad
Today's Top Quizzes in Numbers
Browse Numbers
Top Contributed Quizzes in Sports
1
Les meilleurs buteurs des matchs entre le PSG et l’OM
2
Les entraîneurs de l'OM et du PSG au 21e siècle
3
2022 World Cup Stars
4
Players with Multiple 50 Home Run Seasons
5
Les joueurs passés par le PSG et l'OM
6
FIFA Club World Cup Champions
7
Top 10 NHL Goal Scorers of All Time
8
Criteria MLB: Left Handed Sluggers
9
Les joueurs passés par le LOSC et le RC Lens
10
2023 MLB Unique Player Accomplishments
Explore More
Trending Topics
Disney
Crossword
NBA
Anime
Kpop
Harry Potter
Marvel
WWE
Soccer
Song
The Office
Country
Puzzle
Pokémon
NFL
hide this ad
More By:
HFC_1875
Quiz
Plays
Rating
Category
Featured
Created
Top goalscorers in SPL history.
1,171
1.50
Sports
Jan 26, 2010
Go to Creator's Profile
Score Distribution
Quiz Creator Spotlight
HFC_1875
Follow
Send a Message
Quizzes Created
-
Created Quiz Play Count
-
More By This Creator
Popular Quizzes Today
1
Find the US States - No Outlines Minefield
2
Colored Red Africa Blitz
3
Find the 'City' Movie
4
The Countries of the World
5
Find the US States
6
5x2 Blitz: Bands
7
Find the Countries of Europe - No Outlines Minefield
8
US States
More Sports Quizzes
NFL Top 100 Players (2013)
Published
Trending Quizzes
Colored Red Europe Blitz I
Colored Red Europe Blitz II
Colored Red Africa Blitz II
Colored Red Europe Blitz III
Colored Red Africa Blitz III
Recently Updated
Odd Team Out - Big 4 Players
pecheneg
Quick Pick: 20 Twenties
pecheneg
March Madness Men's Triple Doubles
pecheneg
How Do You Spell That?
pecheneg
Godzilla Movies
pecheneg
Grab Bag: 4-10 Letters
pecheneg
2024 March Madness Bracket
pecheneg
Famous TV Couples
Peacemaker
Champions League XIs: Real Madrid
pecheneg
Largest US Cities 1790-2010
pecheneg
Trending Topics
NBA
Marvel
Harry Potter
Kpop
Anime
Crossword
Disney
Pokémon
Soccer
Country
WWE
NFL
Song
Puzzle
The Office
Your Account Isn't Verified!
In order to create a playlist on Sporcle, you need to verify the email address you used during registration. Go to your
Sporcle Settings
to finish the process.
Report this User
Report this user for behavior that violates our
Community Guidelines
.
Details:
Send Report
Go to the Sporcle.com Mobile Site →
Comments